Zmeny v oblasti živnostenského podnikania po roku 2013 a efektívnosť jeho rozvoja diplomová práca

Salvato in:
Dettagli Bibliografici
Autore principale: Hozáková, Kristína
Ente Autore: Obchodná fakulta EU. Katedra služieb a cestovného ruchu - zrušené
Altri autori: Strážovská, Helena
Natura: Libro
Lingua:slovacco
Pubblicazione: Bratislava 2016
Tags: Aggiungi Tag
Nessun Tag, puoi essere il primo ad aggiungerne!!

MARC

LEADER 00000nbm a2200000 4500
001 0216792
005 20170126133858.3
041 0 |a slo 
044 |a SK 
245 1 0 |a Zmeny v oblasti živnostenského podnikania po roku 2013 a efektívnosť jeho rozvoja  |b diplomová práca  |c Kristína Hozáková ; školiteľ: Helena Strážovská 
264 1 |a Bratislava  |c 2016 
300 |a 66 s. 
100 1 |a Hozáková, Kristína 
700 1 |a Strážovská, Helena 
710 2 |a Obchodná fakulta EU. Katedra služieb a cestovného ruchu - zrušené